Short cuts on basal and high level virgin bark (Record no. 68657)

MARC details
000 -LEADER
fixed length control field 00513nam a2200157Ia 4500
100 ## - MAIN ENTRY--AUTHOR NAME
Personal name Hoong Chan Weng
245 #0 - TITLE STATEMENT
Title Short cuts on basal and high level virgin bark
260 ## - PUBLICATION, DISTRIBUTION, ETC. (IMPRINT)
Name of publisher Preprints of Papers. International Natural Rubber Conference 13-14 November 2006, Vietnam, pp. 17-23.
650 ## - SUBJECT ADDED ENTRY--TOPICAL TERM
Topical Term Basal virgin bark
650 ## - SUBJECT ADDED ENTRY--TOPICAL TERM
Topical Term High level virgin bark
650 ## - SUBJECT ADDED ENTRY--TOPICAL TERM
Topical Term Non panel changing
650 ## - SUBJECT ADDED ENTRY--TOPICAL TERM
Topical Term Panel changing system
650 ## - SUBJECT ADDED ENTRY--TOPICAL TERM
Topical Term Short cuts
942 ## - ADDED ENTRY ELEMENTS (KOHA)
Koha item type Journals
Holdings
Withdrawn status Lost status Damaged status Not for loan Home library Current library Shelving location Date acquired Koha item type
      Journals RRII Library RRII Library Plant physiology 01/01/2021 Journals